000
00313nam a2200121Ia 4500
008
190722s9999 xx 000 0 und d
020
_a
978-93-325-50369-0
100
_a
Robert J. Gordon
245
0
_a
Macroeconomics
260
_a
India
_b
Pearson India Edu. Services Pvtt. Ltds.
_c
2015
300
_a
629
942
_c
BK
999
_c
566
_d
566